| 000 | 00743nam a22001817a 4500 | ||
|---|---|---|---|
| 999 |
_c19327 _d19327 |
||
| 003 | AR-CdUCM | ||
| 008 | 190517b ||||| |||| 00| 0 spa d | ||
| 040 |
_aMUNICIPALIDAD PROVINCIAL DEL CUSCO _cBIBLIOTECA MUNICIPAL DEL CUSCO |
||
| 082 |
_a347.5 / _bS16 |
||
| 100 |
_aSagastegui Urteaga, Pedro _940604 |
||
| 245 | _aProcesos de ejecución acciones en materia de títulos valores y procesos cautelares / | ||
| 260 |
_aLima : _bSan Marcos, _c1996. |
||
| 300 |
_a412 páginas ; _c23 cm. |
||
| 505 | _aGeneralidades y antecedentes del proceso ejecutivo en el Perú -- Procesos de ejecución en el nuevo codigo procesal civil -- Acciones en reación con los titulos valores... | ||
| 650 |
_aDerecho. _9739 |
||
| 942 |
_2ddc _cLIBROS |
||
| 945 | _awfj | ||